You Don't Know Jack! Trivia #3 - Statistics

General Stats
  • This quiz has been taken 134 times
  • The average score is 9 of 15
Answer Stats
Question Answer % Correct
They say on your first day in the Solar System, you should find the biggest planet and hit them in the face. If you're going by volume, who should you hit? Jupiter
85%
"Well, it's been a big year for the whole family. Junior learned to drive. Mom changed jobs. And Dad started a drug empire, cooking and selling high-quality methamphetamine." What TV family is this Christmas card from? the Whites
85%
If you've been poisoned by the Poissonnier at a fancy restaurant, who almost killed you? The fish chef
80%
Who doesn't "know their role?" ...You know, because they're in the wrong play? Elphaba in The Lion King
75%
If Romeo and Juliet competed on the set of Family Feud, what team would Romeo be playing on? The Montague family
75%
What is Sonic the Hedgehog running away from? His commitments... and also Dr. Eggman
65%
What should I say if I want my Amazon Echo to tell my iPhone to do something? "Alexa, tell Siri to lower the volume."
60%
Which of the following movies does NOT involve living in a computer-generated reality? Avatar
60%
Which No Doubt song is no doubt the closest to the title of E.B. White's classic children's novel? Spiderwebs
60%
If Brie Larson were convicted of Brie Larceny, what crime would she be guilty of committing? Stealing cheese
60%
Whose last name starts with a Mac instead of a Mc? Seth __Farlane
55%
Which of these online personality quizzes might tell me "I'm Zambia?" Which SOUTHERN AFRICAN country are you?
50%
Who is the shortest cast member from The Big Short? Selena Gomez
40%
If a bag of Czech Mix is separated into two compartments, representing the two regions of the Czech Republic, what's in the bag? Bohemian pretzels and Moravian rye chips
25%
If military combat drones served the same purpose as honey bee drones, what would happen during a drone strike? Drones having sex with enemy combatants
10%
No matching quizzes found
Score Distribution
Percent of People with Each Score
Percentile by Number Answered
Your Score History
You have not taken this quiz